01429 a2200181 45000010006000000050017000060080041000230030015000640400040000790800075001192450081001940200018002752640038002933000019003315050781003501000017011318560099011482447120260407155528.0260407a1984 arg spa dAR-UNSa-BCEJYS aAR-UNSa-BCEJYSbspacAR-UNSa-BCEJYS a330.834xKeynes y el keynesianismo. Neokeynesianismo. Poskeynesianismo10aModelos económicospUna introducción a la macroeconomía postkeynesiana a84-206-8090-7 1aMadrid :bAlianza Editorialc1984 a323 p.c23 cm. a1. La descripción del modelo - 2. El sector gasto: la relación IS - 3. El sector monetario: la relación LM - 4. La interrelación del sector gasto y el sector monetario: la curva de demanda agregada - 5. El sector de producción: la oferta agregada - 6. La solución del modelo: oferta y demanda agregada - 7. El sector gasto - 8. El sector monetario - 9. El sector de producción - 10. Neoclásicos, postkeynesianos, monetaristas y fiscalistas - 11. El comercio internacional - 12. La inflación - 13. Crecimiento económico - 14. El modelo simple: un solo bien - 15. El modelo bisectorial - 16. La distribución del producto, bajo rendimientos decrecientes - 17. Rendimientos constantes y rendimientos decrecientes - 18. El modelo - 19. Ampliación del modelo1 aAnisi, David41uhttps://www.biblioeco.unsa.edu.ar/pmb/images/libros/L128328.jpgyImagen de portadaqimage/jpeg